00181nam a2200073Ia 4500008004100000082000800041100002100049245003700070240331s9999 xx 000 0 und d bKAI aKailanathan, V.A 0aChiddukuruvikalum vanampadikalum